000 00433cam a22001217a 4500
008 180718b1961 xxu||||| |||| 00| 0 eng d
082 _aT19x6762 F311
100 _aFearn, Hugh
245 _aAn African economy--a study of the economic development of the Nyanza province of Kenya, 1903-1953
_cby Hugh Fearn
260 _aLondon
_bOUP, for East African Inst. of Social Res.
_c1961
300 _a284p.
650 _aKenya - Econ. Conditions
999 _c365226
_d365226